Исследования по русскому и славянскому языкознанию: посвящается VI международному съезду славистов, 1968 г. г. Прага

Մատենագիտական մանրամասներ
Համատեղ հեղինակներ: Самаркандский государственный университет (СамГУ), Исследования по русскому и славянскому языкознанию международный съезд славистов
Այլ հեղինակներ: Ройзензон Л. И. (редактор)
Լեզու:ռուսերեն
Հրապարակվել է: Самарканд, СГУ, 1968
Շարք:Труды Самаркандского государственного унивеситета
Խորագրեր:
Ձևաչափ: Գիրք
KOHA link:https://koha.lib.tpu.ru/cgi-bin/koha/opac-detail.pl?biblionumber=186891

MARC

LEADER 00000nam0a2200000 4500
001 186891
005 20231031173824.0
020 |a RU  |b 81-17122ж 
035 |a (RuTPU)RU\TPU\book\202771 
090 |a 186891 
100 |a 20101103d1968 km y0rusy5003 ca 
101 0 |a rus 
102 |a UZ 
105 |a y z 100zy 
200 1 |a Исследования по русскому и славянскому языкознанию  |e посвящается VI международному съезду славистов, 1968 г. г. Прага  |f Самаркандский государственный университет (СамГУ); под ред. Л. И. Ройзензона 
210 |a Самарканд  |c СГУ  |d 1968 
215 |a 176 с. 
225 1 |a Труды Самаркандского государственного унивеситета  |h Вып. 1 
610 1 |a русское языкознание 
610 1 |a славянское языкознание 
610 1 |a исследования 
610 1 |a словообразование 
610 1 |a глаголы 
610 1 |a приставки 
675 |a 4(063)  |v 3 
702 1 |a Ройзензон  |b Л. И.  |4 340 
712 0 2 |a Самаркандский государственный университет (СамГУ)  |2 stltpush  |3 (RuTPU)RU\TPU\col\13607 
712 0 2 |a Исследования по русскому и славянскому языкознанию  |b международный съезд славистов  |d 6  |e Прага  |f 1968 
801 0 |a RU  |b RuMRKP  |c 19950704  |g psbo 
801 1 |a RU  |b 63413507  |c 20101103 
801 2 |a RU  |b 63413507  |c 20150203  |g RCR 
942 |c BK